<?xml version="1.0" encoding="UTF-8"?>
<collection xmlns="http://www.loc.gov/MARC21/slim">
<record>
  <controlfield tag="001">119990</controlfield>
  <controlfield tag="005">20221129120359.0</controlfield>
  <datafield tag="037" ind1=" " ind2=" ">
    <subfield code="a">BOOK-2022-040</subfield>
  </datafield>
  <datafield tag="041" ind1=" " ind2=" ">
    <subfield code="a">spa</subfield>
  </datafield>
  <datafield tag="100" ind1=" " ind2=" ">
    <subfield code="a">Lafuerza, Sara</subfield>
    <subfield code="b"></subfield>
  </datafield>
  <datafield tag="245" ind1=" " ind2=" ">
    <subfield code="a">Práctica materiales ferroeléctricos relaxores</subfield>
  </datafield>
  <datafield tag="250" ind1=" " ind2=" ">
    <subfield code="a">1ª ed.</subfield>
  </datafield>
  <datafield tag="260" ind1=" " ind2=" ">
    <subfield code="a">Zaragoza</subfield>
    <subfield code="b">Universidad de Zaragoza</subfield>
    <subfield code="c">2022</subfield>
  </datafield>
  <datafield tag="300" ind1=" " ind2=" ">
    <subfield code="a">46</subfield>
  </datafield>
  <datafield tag="520" ind1=" " ind2=" ">
    <subfield code="a">El objetivo de la práctica es familiarizar a los estudiantes con las técnicas experimentales empleadas en la caracterización de materiales ferroeléctricos, y en concreto de los denominados ferroeléctricos relaxores. Se utilizará la espectroscopia de impedancia para determinar la evolución de la constante dieléctrica con la frecuencia y la temperatura, junto con medidas de la polarización eléctrica. El material objeto de estudio será un compuesto cerámico con estructura de tipo perovskita con comportamiento relaxor, precedido por un estudio inicial de un ferroeléctrico convencional.</subfield>
  </datafield>
  <datafield tag="700" ind1=" " ind2=" ">
    <subfield code="a">Gracia, David</subfield>
    <subfield code="b"></subfield>
  </datafield>
  <datafield tag="856" ind1="0" ind2=" ">
    <subfield code="f">agroca@unizar.es</subfield>
  </datafield>
  <datafield tag="856" ind1="4" ind2=" ">
    <subfield code="u">http://zaguan.unizar.es/record/119990/files/BOOK-2022-040.pdf</subfield>
    <subfield code="z">Texto completo</subfield>
    <subfield code="s">27487021</subfield>
  </datafield>
  <datafield tag="909" ind1="C" ind2="O">
    <subfield code="o">oai:zaguan.unizar.es:119990</subfield>
    <subfield code="p">books</subfield>
  </datafield>
  <datafield tag="980" ind1=" " ind2=" ">
    <subfield code="a">BOOK</subfield>
    <subfield code="b">DOCENTE</subfield>
    <subfield code="b"></subfield>
  </datafield>
</record>
</collection>